书目信息 |
| 题名: |
燃煤电厂脱硫装置
|
|
| 作者: | 杨旭中 编著 | |
| 分册: | ||
| 出版信息: | 北京 中国电力出版社 2006.06 |
|
| 页数: | 331页 | |
| 开本: | 20cm | |
| 丛书名: | ||
| 单 册: | ||
| 中图分类: | TM621.7 | |
| 科图分类: | ||
| 主题词: | 火电厂--huo dian chang--脱硫--附属装置 | |
| 电子资源: | ||
| ISBN: | 7-5083-3788-3 | |
| 000 | 00815nam0 2200229 450 | |
| 001 | 012006592234 | |
| 005 | 20060925101026.12 | |
| 010 | @a7-5083-3788-3@dCNY20.00 | |
| 100 | @a20060706d2006 km y0chiy0120 ea | |
| 101 | 0 | @achi |
| 102 | @aCN@b110000 | |
| 105 | @ay a 000yy | |
| 200 | 1 | @a燃煤电厂脱硫装置@Aran mei dian chang tuo liu zhuang zhi@f杨旭中编著@Fyang xu zhong bian zhu |
| 210 | @a北京@c中国电力出版社@d2006.06 | |
| 215 | @a331页@d20cm | |
| 320 | @a有书目 (第330页)。 | |
| 330 | @a本书全面介绍了燃煤电厂炉前、炉内脱硫工艺,特别是烟气脱硫的各种方法,并从设计、制造、施工、运行以及建设管理、相关政策等多个角度进行了阐述。 | |
| 606 | 0 | @a火电厂@Ahuo dian chang@x脱硫@x附属装置 |
| 690 | @aTM621.7@v4 | |
| 701 | 0 | @a杨旭中@Ayang xu zhong@4编著 |
| 801 | 0 | @aCN@c20060925 |
| 905 | @a10447@dTM621.7@eY309 | |
| 燃煤电厂脱硫装置/杨旭中编著.-北京:中国电力出版社,2006.06 |
| 331页;20cm |
| ISBN 7-5083-3788-3:CNY20.00 |
| 本书全面介绍了燃煤电厂炉前、炉内脱硫工艺,特别是烟气脱硫的各种方法,并从设计、制造、施工、运行以及建设管理、相关政策等多个角度进行了阐述。 |
| ● |
| 相关链接 |
|
|
|
正题名:燃煤电厂脱硫装置
索取号:TM621.7/Y309
 
预约/预借
| 序号 | 登录号 | 条形码 | 馆藏地/架位号 | 状态 | 备注 |
| 1 | 593001 | 205930019 | 自科库301/301自科库 15排3列4层/ [索取号:TM621.7/Y309] | 在馆 | |
| 2 | 593002 | 205930028 | 自科库301/301自科库 15排3列4层/ [索取号:TM621.7/Y309] | 在馆 | |
| 3 | 593003 | 205930037 | 自科二线404/301自科库 11排1列3层/ [索取号:TM621.7/Y309] | 在馆 |